| 000 | 00792nam a2200253Ia 4500 | ||
|---|---|---|---|
| 008 | 191130s2007##################000#0#eng## | ||
| 020 | _a9780849340529 | ||
| 022 | _a2006103466 | ||
| 040 |
_aACL _cACL |
||
| 082 | _a616.21 HAM | ||
| 245 |
_aChronic rhinosinusitis : pathogenesis and medical management _cedited by Daniel L. Hamilos, Fuad M. Baroody |
||
| 250 | _a1st ed | ||
| 260 |
_aNew York _bInforma Healthcare _c2007 |
||
| 300 | _axii, 350 p. : ill (some col.) ; 24 cm. ; : alk. paper | ||
| 500 | _aIncludes bibliographical references and index | ||
| 650 | _aChronic Disease | ||
| 650 | _aRhinitis | ||
| 650 | _aSinusitis | ||
| 700 | _aBaroody, Fuad M | ||
| 700 | _aHamilos, Daniel L | ||
| 990 | _a5c2d422cac10000c523d61aa6b667faf | ||
| 991 | _a174305 | ||
| 999 |
_c129263 _d129263 |
||